| 000 | 00486nam a2200193Ia 4500 | ||
|---|---|---|---|
| 003 | OSt | ||
| 005 | 20241030160106.0 | ||
| 008 | 210210b1951 xxu||||| |||| 00| 0 eng d | ||
| 040 | _cAL | ||
| 041 | _aeng | ||
| 082 | _a030/2 | ||
| 100 |
_aADDIS (William E) and ARNOLD (Thomas) Ed 15 _9183882 |
||
| 245 | _aCatholic dictionary | ||
| 260 |
_aLondon _bRoutledge and Kegan Paul Ltd. _c1951 |
||
| 300 | _aviii,843 | ||
| 690 |
_aDictionaries _9183883 |
||
| 906 | _a000048 | ||
| 942 |
_2ddc _cBK |
||
| 999 |
_c76576 _d76576 |
||